Alternative Energy Systems and Applications / (Record no. 13519)
[ view plain ]
| 000 -LEADER | |
|---|---|
| fixed length control field | 00933cam a22002895a 4500 |
| 001 - CONTROL NUMBER | |
| control field | 15646489 |
| 005 - DATE AND TIME OF LATEST TRANSACTION | |
| control field | 20150928133832.0 |
| 008 - FIXED-LENGTH DATA ELEMENTS--GENERAL INFORMATION | |
| fixed length control field | 090304s2010 njua frb 001 0 eng |
| 010 ## - LIBRARY OF CONGRESS CONTROL NUMBER | |
| LC control number | 2009008845 |
| 020 ## - INTERNATIONAL STANDARD BOOK NUMBER | |
| International Standard Book Number | 9780470142509 (pbk.) |
| 040 ## - CATALOGING SOURCE | |
| Original cataloging agency | DLC |
| Transcribing agency | DLC |
| Language of cataloging | eng |
| Modifying agency | EG-ScBUE |
| 082 04 - DEWEY DECIMAL CLASSIFICATION NUMBER | |
| Classification number | 333.794 |
| Item number | HOD |
| Edition number | 22 |
| 100 1# - MAIN ENTRY--PERSONAL NAME | |
| Personal name | Hodge, B. K. |
| 9 (RLIN) | 11943 |
| 245 10 - TITLE STATEMENT | |
| Title | Alternative Energy Systems and Applications / |
| Statement of responsibility, etc | B.K. Hodge. |
| 260 ## - PUBLICATION, DISTRIBUTION, ETC. (IMPRINT) | |
| Place of publication, distribution, etc | Hoboken : |
| Name of publisher, distributor, etc | JohnWiley& Sons, |
| Date of publication, distribution, etc | c. 2010. |
| 263 ## - PROJECTED PUBLICATION DATE | |
| Projected publication date | 0903 |
| 300 ## - PHYSICAL DESCRIPTION | |
| Extent | xiii,418 p.: |
| Other physical details | ill.; |
| Dimensions | 22 cm. |
| 500 ## - GENERAL NOTE | |
| General note | Index : p. 413-418. |
| 504 ## - BIBLIOGRAPHY, ETC. NOTE | |
| Bibliography, etc | Includes bibliographical references . |
| 650 #0 - SUBJECT ADDED ENTRY--TOPICAL TERM | |
| Topical term or geographic name as entry element | Renewable energy sources. |
| 9 (RLIN) | 11944 |
| Source of heading or term | BUEsh |
| 650 #0 - SUBJECT ADDED ENTRY--TOPICAL TERM | |
| Topical term or geographic name as entry element | Power resources. |
| 9 (RLIN) | 11945 |
| Source of heading or term | BUEsh |
| 650 #0 - SUBJECT ADDED ENTRY--TOPICAL TERM | |
| Topical term or geographic name as entry element | Electric power systems. |
| 9 (RLIN) | 11946 |
| Source of heading or term | BUEsh |
| 651 ## - SUBJECT ADDED ENTRY--GEOGRAPHIC NAME | |
| Source of heading or term | BUEsh |
| 653 ## - INDEX TERM--UNCONTROLLED | |
| Resource For college | Engineering, Architecture |
| Arrived date list | August2015 |
| 942 ## - ADDED ENTRY ELEMENTS (KOHA) | |
| Source of classification or shelving scheme | Dewey Decimal Classification |
| Call number prefix | 333.794 HOD |
| Item type | NB - Book (Non borrowing) |
| Withdrawn status | Item status | Source of classification or shelving scheme | Damaged status | Not for loan | Vendor | Home library | Current library | Shelving location | Date acquired | Source of acquisition | Total Checkouts | Full call number | Barcode | Date last seen | Date last borrowed | Koha item type | Total Renewals |
|---|---|---|---|---|---|---|---|---|---|---|---|---|---|---|---|---|---|
| Dewey Decimal Classification | Baccah | Central Library | Central Library | First floor | 28/02/2010 | 2 | 333.794 HOD | 000019974 | 15/07/2025 | 17/01/2013 | NB - Book (Non borrowing) | ||||||
| Dewey Decimal Classification | Baccah | Central Library | Central Library | First floor | 28/02/2010 | 14 | 333.794 HOD | 000019976 | 15/07/2025 | 20/03/2017 | Book - Borrowing | 54 | |||||
| Dewey Decimal Classification | Baccah | Central Library | Central Library | First floor | 13/04/2010 | 11 | 333.794 HOD | 000020604 | 15/07/2025 | 20/02/2017 | Book - Borrowing | 59 | |||||
| Dewey Decimal Classification | Baccah | Central Library | Central Library | First floor | 15/03/2011 | 15 | 333.794 HOD | 000022883 | 15/07/2025 | 01/11/2018 | Book - Borrowing | 95 |